Normal view
MARC view
- Leonhard, Woody
Entry Personal Name
001 - CONTROL NUMBER
- control field: 100043
003 - CONTROL NUMBER IDENTIFIER
- control field: NUST
005 - DATE AND TIME OF LATEST TRANSACTION
- control field: 20221012144303.0
008 - FIXED-LENGTH DATA ELEMENTS
- fixed length control field: 221012|| aca||aabn | a|a d
040 ## - CATALOGING SOURCE
- Original cataloging agency: NUST
- Transcribing agency: NUST
100 ## - HEADING--PERSONAL NAME
- Personal name: Leonhard, Woody
670 ## - SOURCE DATA FOUND
- Source citation: Work cat.: (NUST)175207: Leonhard, Woody., The mother of all Windows 95 books /, c1996.
